[Event "EU-chT Seniors 50"]
[Site "Dresden"]
[Date "2022.11.01"]
[Round "6.3"]
[White "Stahr, Ralf Peter"]
[Black "Raitza, Olaf"]
[Result "1/2-1/2"]
[WhiteElo "2077"]
[BlackElo "2257"]
[PlyCount "65"]
[EventDate "2022.10.27"]
[EventType "team-swiss"]
[EventRounds "9"]
[EventCountry "GER"]
[SourceTitle "EXT 2024"]
[Source "ChessBase"]
[SourceDate "2023.10.10"]
[SourceVersion "1"]
[SourceVersionDate "2023.10.10"]
[SourceQuality "1"]
[WhiteTeam "Deutsche Bahn 50"]
[BlackTeam "Berlin 50 II"]
[WhiteTeamCountry "GER"]
[BlackTeamCountry "GER"]

1. c4 e5 2. Nc3 Nf6 3. Nf3 Nc6 4. e3 Bb4 5. Qb3 a5 6. a3 Bxc3 7. Qxc3 e4 8. Nd4 0-0 9. Nxc6 bxc6 10. b3 Qe7 11. Bb2 d6 12. Be2 Bd7 13. g4 Ne8 14. h4 f5 15. g5 f4 16. Bh5 fxe3 17. fxe3 a4 18. b4 Be6 19. Bxe8 Raxe8 20. 0-0-0 Rf2 21. Rdg1 Ref8 22. h5 R8f5 23. h6 Rxg5 24. hxg7 Rxg1+ 25. Rxg1 Qf7 26. Rd1 Bxc4 27. Qd4 Bd3 28. Qa7 Rf6 29. Bxf6 Qxf6 30. Qa8+ Kxg7 31. Rg1+ Kh6 32. Rh1+ Kg7 33. Rg1+ 1/2-1/2

[Event "Oberliga Nord O 2122"]
[Site "Germany"]
[Date "2022.04.03"]
[Round "8.5"]
[White "Stahr, Ralf Peter"]
[Black "Dettmann, Gerd"]
[Result "1/2-1/2"]
[WhiteElo "2124"]
[BlackElo "2098"]
[PlyCount "89"]
[EventDate "2021.10.31"]
[EventType "team-tourn"]
[EventRounds "9"]
[EventCountry "GER"]
[SourceTitle "EXT 2023"]
[Source "ChessBase"]
[SourceDate "2022.10.05"]
[SourceVersion "1"]
[SourceVersionDate "2022.10.05"]
[SourceQuality "1"]
[WhiteTeam "Forster"]
[BlackTeam "Guestrow/Teterow"]
[WhiteTeamCountry "GER"]
[BlackTeamCountry "GER"]

1. c4 e6 2. Nc3 d5 3. d4 Nf6 4. Nf3 Be7 5. Bf4 0-0 6. e3 c5 7. cxd5 Nxd5 8. Bg3 Nc6 9. Be2 cxd4 10. exd4 b6 11. 0-0 Bb7 12. Qd2 Rc8 13. Ne5 Nxe5 14. Bxe5 Nxc3 15. bxc3 Bd5 16. Ba6 Bc4 17. Bxc8 Bxf1 18. Bb7 Bc4 19. Be4 Qd7 20. a4 Rc8 21. a5 b5 22. a6 f6 23. Bg3 Bd5 24. Bxd5 Qxd5 25. Qe3 Bd8 26. h3 Bb6 27. Rb1 h6 28. Qd3 Rc4 29. Qe2 Kf7 30. Rb3 Bxd4 31. Qb2 Bb6 32. Rxb5 Qc6 33. Rb3 e5 34. Kh2 Ra4 35. Ra3 Rxa3 36. Qxa3 Qc4 37. Kg1 Kg6 38. h4 Qd3 39. Qb4 Qxa6 40. Qe4+ Kf7 41. Qd5+ Kf8 42. Qa8+ Kf7 43. Qd5+ Kf8 44. Qa8+ Kf7 45. Qd5+ 1/2-1/2

[Event "Berlin-ch Seniors op 38th"]
[Site "Berlin"]
[Date "2022.01.29"]
[Round "5"]
[White "Raitza, Olaf"]
[Black "Stahr, Ralf Peter"]
[Result "1/2-1/2"]
[WhiteElo "2325"]
[BlackElo "2098"]
[PlyCount "69"]
[EventDate "2022.01.25"]
[EventType "swiss"]
[EventRounds "9"]
[EventCountry "GER"]
[SourceTitle "EXT 2023"]
[Source "ChessBase"]
[SourceDate "2022.10.05"]
[SourceVersion "1"]
[SourceVersionDate "2022.10.05"]
[SourceQuality "1"]

1. e4 c5 2. Nf3 Nc6 3. d4 cxd4 4. Nxd4 g6 5. c4 Bg7 6. Be3 Nf6 7. Nc3 d6 8. Be2 Nxd4 9. Qxd4 0-0 10. Qd2 Bd7 11. 0-0 Bc6 12. f3 a6 13. b4 b6 14. Rac1 Qb8 15. b5 axb5 16. cxb5 Bd7 17. Bc4 Rc8 18. Bb3 Qa7 19. Na4 Bxb5 20. Nxb6 Rxc1 21. Rxc1 Re8 22. a4 Bd7 23. a5 Bb5 24. Nd5 Qb8 25. Nc7 Rc8 26. Bb6 Nd7 27. Bxf7+ Kf8 28. Qd5 Nxb6 29. Ne6+ Kxf7 30. Ng5+ Ke8 31. Qf7+ Kd8 32. Qg8+ Kd7 33. Qe6+ Ke8 34. Qf7+ Kd8 35. Qg8+ 1/2-1/2

[Event "GER-ch Net blitz qual4"]
[Site "Playchess.com INT"]
[Date "2021.05.10"]
[Round "4"]
[White "Coenen, Michael"]
[Black "Stahr, Ralf Peter"]
[Result "1/2-1/2"]
[WhiteElo "2341"]
[BlackElo "1923"]
[PlyCount "161"]
[EventDate "2021.05.10"]
[EventType "swiss (blitz)"]
[EventRounds "11"]
[EventCountry "GER"]
[SourceTitle "CBM 202 Extra"]
[Source "ChessBase"]
[SourceDate "2021.07.31"]
[SourceVersion "1"]
[SourceVersionDate "2021.07.31"]
[SourceQuality "1"]

1. e4 c5 2. Nf3 Nc6 3. c3 Nf6 4. d3 d5 5. Nbd2 e5 6. Be2 Be7 7. 0-0 0-0 8. Re1 d4 9. a4 Be6 10. Nf1 h6 11. Ng3 Qd7 12. Qc2 dxc3 13. bxc3 Rfd8 14. Ba3 b6 15. Red1 Qc7 16. Nf1 Na5 17. Rdb1 c4 18. Bxe7 Qxe7 19. dxc4 Bxc4 20. Ng3 g6 21. Bxc4 Nxc4 22. Rd1 Kg7 23. h3 Rxd1+ 24. Rxd1 Rd8 25. Rd3 Rxd3 26. Qxd3 Qc5 27. Qc2 Qd6 28. Nf1 Nd7 29. Qb3 Qd3 30. Qb5 Nc5 31. N1d2 Nxd2 32. Qxd3 Nxd3 33. Nxd2 Nc5 34. a5 bxa5 35. f3 Kf6 36. Nc4 a4 37. Kf2 Ke6 38. Ke3 f6 39. Kd2 Kd7 40. Kc2 Kc6 41. Ne3 Ne6 42. Ng4 Nf4 43. Nxf6 Nxg2 44. Ng4 Ne1+ 45. Kb2 Nxf3 46. Nxh6 Ng5 47. Ng4 Kd6 48. Nf2 Nf3 49. Ka3 Kc5 50. Kxa4 Kc4 51. Ng4 Kxc3 52. h4 Kd4 53. Nf6 Nxh4 54. Kb5 Nf3 55. Ka6 Nd2 56. Kxa7 Nxe4 57. Ng4 Nc3 58. Kb6 Ke4 59. Kc5 Kf4 60. Nf6 g5 61. Kc4 Ne4 62. Nd5+ Kf3 63. Nb6 Nd2+ 64. Kd3 Nf1 65. Nd7 e4+ 66. Kd4 e3 67. Ne5+ Kf2 68. Ng4+ Kf3 69. Ne5+ Kg3 70. Kd3 Kf4 71. Ng6+ Kg3 72. Ke2 Kg2 73. Ne5 g4 74. Nxg4 Ng3+ 75. Kxe3 Kh3 76. Ne5 Kh2 77. Kf3 Kh3 78. Ng4 Nf1 79. Nf2+ Kh2 80. Ne4 Nd2+ 81. Nxd2 1/2-1/2

[Event "GER-ch Net blitz qual4"]
[Site "Playchess.com INT"]
[Date "2021.05.10"]
[Round "6"]
[White "Reindl, Jork"]
[Black "Stahr, Ralf Peter"]
[Result "0-1"]
[WhiteElo "1739"]
[BlackElo "1923"]
[PlyCount "128"]
[EventDate "2021.05.10"]
[EventType "swiss (blitz)"]
[EventRounds "11"]
[EventCountry "GER"]
[SourceTitle "CBM 202 Extra"]
[Source "ChessBase"]
[SourceDate "2021.07.31"]
[SourceVersion "1"]
[SourceVersionDate "2021.07.31"]
[SourceQuality "1"]

1. e4 c5 2. Nc3 Nc6 3. Bb5 Nd4 4. Nf3 Nxb5 5. Nxb5 Nf6 6. d3 d5 7. Nc3 d4 8. Ne2 e5 9. Nxe5 Bd6 10. Nf3 Qc7 11. Ng3 h5 12. Nf5 0-0 13. Nxd6 Qxd6 14. Bg5 Ng4 15. h3 Ne5 16. Bf4 Nxd3+ 17. cxd3 Qxf4 18. Qd2 Qc7 19. Qg5 Qa5+ 20. Qd2 Qxd2+ 21. Kxd2 Be6 22. Ng5 Bd7 23. f4 f6 24. Nf3 Kf7 25. Rhe1 Rg8 26. e5 g5 27. exf6 Kxf6 28. fxg5+ Kf5 29. Re5+ Kf4 30. Rxc5 Bc6 31. Rf1 Kg3 32. Nxd4 Bxg2 33. Rg1 Kxh3 34. Ne2 Raf8 35. g6 h4 36. Rc4 Rf2 37. Rf4 Rxf4 38. Nxf4+ Kg3 39. Nxg2 Kf2 40. Nxh4 Kxg1 41. Ke3 Kh2 42. Kf4 Kh3 43. Kg5 Kg3 44. Nf5+ Kf3 45. Nh6 Rd8 46. g7 Ke3 47. g8Q Rxg8+ 48. Nxg8 Kxd3 49. Ne7 Kc2 50. b4 Kc3 51. Nd5+ Kc4 52. Ne7 Kxb4 53. Nc8 a5 54. Kf5 a4 55. Ke4 Ka3 56. Kd3 Kxa2 57. Kc2 b5 58. Nd6 b4 59. Ne4 b3+ 60. Kd2 b2 61. Nc3+ Kb3 62. Nb1 a3 63. Nc3 a2 64. Nb1 axb1Q 0-1

[Event "GER-ch Net blitz qual3"]
[Site "Playchess.com INT"]
[Date "2021.05.07"]
[Round "9"]
[White "Stahr, Ralf Peter"]
[Black "Matthes, Benjamin"]
[Result "1-0"]
[WhiteElo "1898"]
[BlackElo "1731"]
[PlyCount "32"]
[EventDate "2021.05.07"]
[EventType "swiss (blitz)"]
[EventRounds "11"]
[EventCountry "GER"]
[SourceTitle "CBM 202 Extra"]
[Source "ChessBase"]
[SourceDate "2021.07.31"]
[SourceVersion "1"]
[SourceVersionDate "2021.07.31"]
[SourceQuality "1"]

1. c4 e6 2. Nc3 d5 3. e4 d4 4. Nce2 c5 5. d3 Nc6 6. f4 b6 7. Nf3 Bb7 8. g3 Be7 9. Bg2 Nf6 10. 0-0 0-0 11. h3 h6 12. Nh4 Qc7 13. f5 exf5 14. Nxf5 Bc8 15. Bf4 Qb8 16. Bxb8 Rxb8 1-0

[Event "GER-ch Seniors 50 31st"]
[Site "Radebeul"]
[Date "2019.05.04"]
[Round "9"]
[White "Becker, Michael"]
[Black "Stahr, Ralf Peter"]
[Result "1/2-1/2"]
[WhiteElo "2272"]
[BlackElo "2160"]
[PlyCount "22"]
[EventDate "2019.04.26"]
[EventType "swiss"]
[EventRounds "9"]
[EventCountry "GER"]
[SourceTitle "CBM 190 Extra"]
[Source "ChessBase"]
[SourceDate "2019.07.15"]
[SourceVersion "1"]
[SourceVersionDate "2019.07.15"]
[SourceQuality "1"]

1. e4 c5 2. Nf3 Nc6 3. d4 cxd4 4. Nxd4 g6 5. Nc3 Bg7 6. Nde2 Nf6 7. g3 h5 8. h3 d6 9. Bg2 Bd7 10. Be3 Ne5 11. b3 Rc8 1/2-1/2

[Event "Erfurt Seniors op 28th"]
[Site "Erfurt"]
[Date "2018.12.29"]
[Round "4"]
[White "Werner, Bernd Michael"]
[Black "Stahr, Ralf Peter"]
[Result "0-1"]
[WhiteElo "2095"]
[BlackElo "2131"]
[PlyCount "52"]
[EventDate "2018.12.26"]
[EventType "swiss"]
[EventRounds "5"]
[EventCountry "GER"]
[SourceTitle "EXT 2021"]
[Source "ChessBase"]
[SourceDate "2020.10.23"]
[SourceVersion "1"]
[SourceVersionDate "2020.10.23"]
[SourceQuality "1"]

1. e4 c5 2. c4 Nc6 3. g3 Nf6 4. Bg2 e6 5. f4 d5 6. e5 Nd7 7. cxd5 exd5 8. Ne2 Be7 9. 0-0 d4 10. d3 Nb6 11. Na3 Be6 12. b3 Bd5 13. Bh3 h5 14. Bd2 h4 15. g4 g5 16. Nc4 gxf4 17. Bxf4 Nxc4 18. bxc4 Be6 19. Rb1 Qd7 20. Kh1 Bxg4 21. Bxg4 Qxg4 22. Rf2 0-0-0 23. Qb3 Qd7 24. Qa3 Rhg8 25. Ng1 Rg6 26. Rfb2 Nxe5 0-1

[Event "Erfurt HT op 27th"]
[Site "Erfurt"]
[Date "2017.12.30"]
[Round "8"]
[White "Stahr, Ralf Peter"]
[Black "Jung, Florian"]
[Result "1/2-1/2"]
[WhiteElo "2095"]
[BlackElo "1938"]
[PlyCount "146"]
[EventDate "2017.12.26"]
[EventType "swiss"]
[EventRounds "8"]
[EventCountry "GER"]
[SourceTitle "CBM 182 Extra"]
[Source "ChessBase"]
[SourceDate "2018.02.23"]
[SourceVersion "1"]
[SourceVersionDate "2018.02.23"]
[SourceQuality "1"]

1. c4 Nf6 2. Nc3 c5 3. Nf3 g6 4. d4 cxd4 5. Nxd4 Bg7 6. e4 d6 7. Be2 0-0 8. 0-0 Nc6 9. Be3 Nxd4 10. Bxd4 Bd7 11. Qd2 Re8 12. f3 Bc6 13. Rac1 Qa5 14. Rfd1 Rac8 15. Kh1 Nd7 16. Be3 a6 17. Bf1 f5 18. exf5 Qxf5 19. Bd3 Qh5 20. Ne4 Nc5 21. Nxc5 dxc5 22. Qf2 Be5 23. f4 Rf8 24. Qg3 Bxb2 25. Rb1 Rcd8 26. Bxc5 Qxc5 27. Rxb2 Be4 28. h3 Bxd3 29. Rxd3 Qxc4 30. Rxd8 Qc1+ 31. Kh2 Qxb2 32. Rd7 Qxa2 33. Rxb7 Qc4 34. Ra7 Qxf4 35. Rxa6 Qxg3+ 36. Kxg3 Rf5 37. Kh4 Kf7 38. g4 Rf3 39. g5 Re3 40. Kg4 Kg7 41. h4 Re1 42. Rb6 h5+ 43. Kg3 Rg1+ 44. Kh3 Rg4 45. Re6 Kf7 46. Re5 Ra4 47. Re3 Ra6 48. Kg3 Re6 49. Rf3+ Ke8 50. Ra3 Rd6 51. Kf4 Rd4+ 52. Kg3 Kd7 53. Ra6 Rd6 54. Ra4 e5 55. Ra8 Ke6 56. Rf8 Kd5 57. Kf3 Ra6 58. Rd8+ Ke6 59. Re8+ Kd6 60. Rg8 Ke7 61. Rg7+ Kf8 62. Rb7 Ra4 63. Kg3 Rg4+ 64. Kh3 e4 65. Rb6 Kf7 66. Rf6+ Kg7 67. Re6 Rf4 68. Re7+ Kf8 69. Re5 Kf7 70. Kg3 Rg4+ 71. Kh3 Kg7 72. Re7+ Kf8 73. Re5 Kf7 1/2-1/2

[Event "GER-chT Betriebe 14th"]
[Site "Dresden"]
[Date "2014.11.23"]
[Round "7.4"]
[White "Stahr, Ralf Peter"]
[Black "Fitzke, Ulrich"]
[Result "1-0"]
[WhiteElo "2042"]
[BlackElo "1898"]
[PlyCount "81"]
[EventDate "2014.11.20"]
[EventType "team-swiss"]
[EventRounds "7"]
[EventCountry "GER"]
[SourceTitle "EXT 2020"]
[Source "ChessBase"]
[SourceDate "2019.10.17"]
[SourceVersion "1"]
[SourceVersionDate "2019.10.17"]
[SourceQuality "1"]
[WhiteTeam "Stuttgart Sparkassen-Vers II"]
[BlackTeam "Berlin Deutsche Bahn/BSW II"]
[WhiteTeamCountry "GER"]
[BlackTeamCountry "GER"]

1. c4 Nf6 2. Nc3 d5 3. cxd5 Nxd5 4. Nf3 g6 5. Qa4+ Nc6 6. Ne5 Nxc3 7. dxc3 Bd7 8. Nxd7 Qxd7 9. e4 Ne5 10. Qxd7+ Nxd7 11. Be3 Bg7 12. 0-0-0 Nf6 13. f3 0-0 14. a4 e5 15. g4 Rfd8 16. Bb5 a6 17. Bc4 Bf8 18. h4 Be7 19. h5 Rxd1+ 20. Kxd1 b5 21. axb5 axb5 22. Bxb5 Rb8 23. c4 c6 24. Bxc6 Rxb2 25. h6 Rb1+ 26. Bc1 Ba3 27. Kc2 Ra1 28. Rd1 Rxc1+ 29. Rxc1 Bxc1 30. Kxc1 Kf8 31. Kc2 Ng8 32. g5 f5 33. Kd3 Ne7 34. Bd7 f4 35. c5 Ng8 36. Kc4 Ke7 37. Bh3 Kd8 38. Kd5 Kc7 39. Kxe5 Kc6 40. Ke6 Kxc5 41. Kf7 1-0

[Event "Dresden ZMD op-B 23rd"]
[Site "Dresden"]
[Date "2014.08.20"]
[Round "6"]
[White "Stahr, Ralf Peter"]
[Black "Keeve, Martin"]
[Result "0-1"]
[WhiteElo "2098"]
[BlackElo "1913"]
[PlyCount "78"]
[EventDate "2014.08.15"]
[EventType "swiss"]
[EventRounds "9"]
[EventCountry "GER"]
[SourceTitle "EXT 2024"]
[Source "ChessBase"]
[SourceDate "2023.10.10"]
[SourceVersion "1"]
[SourceVersionDate "2023.10.10"]
[SourceQuality "1"]

1. c4 c5 2. Nf3 Nc6 3. e3 Nf6 4. d4 cxd4 5. exd4 d5 6. Nc3 e6 7. Bf4 Bd6 8. Bg5 Be7 9. c5 Ne4 10. Bxe7 Qxe7 11. Bb5 0-0 12. Nxe4 dxe4 13. Bxc6 bxc6 14. Ne5 Ba6 15. Qc2 Qb7 16. 0-0-0 Rab8 17. Rd2 f6 18. Nc4 Qb4 19. b3 Bxc4 20. Qxc4 Qxc4+ 21. bxc4 Rb4 22. Rc2 Rfb8 23. Re1 f5 24. Re3 Kf7 25. Ra3 Rb1+ 26. Kd2 Rf1 27. Rxa7+ Kf6 28. Ke3 Rbb1 29. g3 g5 30. Re2 Rbd1 31. Ra3 h6 32. Rc3 e5 33. dxe5+ Kxe5 34. f4+ gxf4+ 35. gxf4+ Rxf4 36. Rec2 Rff1 37. Ke2 f4 38. Rh3 f3+ 39. Ke3 Rd4 0-1

[Event "Dresden ZMD op-B 23rd"]
[Site "Dresden"]
[Date "2014.08.15"]
[Round "1"]
[White "Schoenberger, Kay"]
[Black "Stahr, Ralf Peter"]
[Result "1-0"]
[WhiteElo "1865"]
[BlackElo "2098"]
[PlyCount "79"]
[EventDate "2014.08.15"]
[EventType "swiss"]
[EventRounds "9"]
[EventCountry "GER"]
[SourceTitle "EXT 2024"]
[Source "ChessBase"]
[SourceDate "2023.10.10"]
[SourceVersion "1"]
[SourceVersionDate "2023.10.10"]
[SourceQuality "1"]

1. d4 Nf6 2. c4 e6 3. Nc3 Bb4 4. Qc2 c5 5. dxc5 h6 6. Nf3 Na6 7. a3 Bxc3+ 8. Qxc3 Nxc5 9. b4 Nce4 10. Qc2 a5 11. Nd2 d5 12. Nxe4 Nxe4 13. Bb2 axb4 14. Bxg7 Rg8 15. axb4 Rxa1+ 16. Bxa1 Qb6 17. Qa4+ Bd7 18. c5 Nxc5 19. bxc5 Qb1+ 20. Qd1 Qb4+ 21. Qd2 Qxc5 22. g3 Rg4 23. Bg2 b5 24. 0-0 b4 25. Qxh6 Rg6 26. Qh8+ Ke7 27. Bg7 Rxg7 28. Qxg7 Bb5 29. Qg5+ Ke8 30. Rc1 Bc4 31. Ra1 Qc7 32. Ra8+ Kd7 33. Qf4 Qxf4 34. gxf4 b3 35. Rb8 Kc7 36. Rb4 Kc6 37. e3 Kc5 38. Rb8 Bb5 39. Bf1 Bc4 40. h4 1-0

[Event "Oberliga Nord O 1213"]
[Site "Germany"]
[Date "2013.03.17"]
[Round "8.8"]
[White "Stahr, Ralf Peter"]
[Black "Siwiec, Arkadiusz"]
[Result "0-1"]
[WhiteElo "2138"]
[BlackElo "2186"]
[PlyCount "90"]
[EventDate "2012.10.17"]
[EventType "team-tourn"]
[EventRounds "9"]
[EventCountry "GER"]
[SourceTitle "EXT 2015"]
[Source "ChessBase"]
[SourceDate "2014.11.20"]
[SourceVersion "1"]
[SourceVersionDate "2014.11.20"]
[SourceQuality "1"]
[WhiteTeam "Cottbus Lokomotive"]
[BlackTeam "Ruedersdorf"]
[WhiteTeamCountry "GER"]
[BlackTeamCountry "GER"]

1. c4 Nf6 2. Nc3 c6 3. e4 e5 4. Nf3 d6 5. d4 Nbd7 6. Be2 Be7 7. 0-0 0-0 8. h3 Re8 9. d5 Nc5 10. Qc2 a5 11. Be3 Nfd7 12. Rad1 Qc7 13. b3 Na6 14. Qd2 Ndc5 15. Bd3 Rb8 16. Bc2 Rd8 17. a3 Bd7 18. Ne2 Be8 19. Ng3 Bf8 20. Nf5 b5 21. Rb1 a4 22. b4 Nb3 23. Bxb3 axb3 24. Rfc1 bxc4 25. Rxc4 Qb7 26. Rxb3 Nc5 27. Rbc3 cxd5 28. exd5 Na4 29. Rc7 Qb5 30. Rc1 Bd7 31. N3h4 Nb6 32. Bh6 Bxf5 33. Nxf5 gxh6 34. Nxh6+ Bxh6 35. Qxh6 Nxd5 36. Qg5+ Kf8 37. Qh6+ Ke8 38. Qxh7 Nxc7 39. Rxc7 Rd7 40. Rxd7 Kxd7 41. Qxf7+ Kc6 42. Qf3+ Qd5 43. Qc3+ Kb7 44. f3 Qd1+ 45. Kh2 Qe2 0-1